000 00881nam a2200265 i 4500
001 000046109
003 DO-SdBNP
005 20240530073923.0
007 ta
008 150623s2003 dr a 000 m spa d
040 _aDO-SdBNP
_bspa
_cBNPHU
_erda
082 4 _a863.44
_aC322e
_222
100 1 _aCartagena Portalatín, Aída,
_d1918-1994
_eautora
_923557
245 1 0 _aEscalera para electra /
_cAída Cartagena Portalatín ; edición, Miguel D. Mena.
264 _aSanto Domingo :
_bEdiciones del cielonaranja,
_c2003.
300 _a212 páginas :
_bilustraciones ;
_c19 cm.
336 _2rdacontent
_atexto
_btxt
337 _2rdamedia
_asin mediación
_bn
338 _2rdacarrier
_avolumen
_bnc
590 _aInventariado, 2024/BT
650 0 _aNovela dominicana
_9223
650 0 _aLiteratura dominicana.
_967
700 1 _aMena, Miguel D.,
_eeditor
_929501
942 _2ddc
_cLBS1
999 _c45598
_d45598